México y los mexicanos (Record no. 10743)

MARC details
000 -CABECERA
campo de control de longitud fija 01049nam a2200277 a 4500
001 - NÚMERO DE CONTROL
campo de control BRL_1935
005 - FECHA Y HORA DE LA ÚLTIMA TRANSACCIÓN
campo de control 20190320211437.0
008 - DATOS DE LONGITUD FIJA--INFORMACIÓN GENERAL
campo de control de longitud fija 190815s1975----mx-a######---#000-0#spa-#
041 ## - CÓDIGO DE LENGUA
Código de lengua del texto/banda sonora o título independiente spa
044 ## - CÓDIGO DEL PAÍS DE LA ENTIDAD EDITORA/PRODUCTORA
Código MARC del país mx
050 #4 - SIGNATURA TOPOGRÁFICA DE LA BIBLIOTECA DEL CONGRESO
Número de clasificación F1213
Número de documento/Ítem .S27 1975
100 1# - ENTRADA PRINCIPAL--NOMBRE DE PERSONA
Nombre de persona Sartorius, Carl Christian
Fechas asociadas al nombre 1796-1872
9 (RLIN) 11050
245 10 - MENCIÓN DE TÍTULO
Título México y los mexicanos
Mención de responsabilidad, etc. C. Sartorius ; con 18 ilustraciones por M. Rugendas ; versión, selección y notas de Marita Martínez del Rio de Redo ; prefacio de Edmundo O´Gorman.
260 ## - PUBLICACIÓN, DISTRIBUCIÓN, ETC.
Lugar de publicación, distribución, etc. México
Nombre del editor, distribuidor, etc. San Angel
Fecha de publicación, distribución, etc. 1975
300 ## - DESCRIPCIÓN FÍSICA
Extensión 71 p.
Otras características físicas il., 18 láminas
Dimensiones 43 cm.
500 ## - NOTA GENERAL
Nota general Facsímil de: México y los mexicanos. Londres, 1859
500 ## - NOTA GENERAL
Nota general Au2182
650 14 - PUNTO DE ACCESO ADICIONAL DE MATERIA--TÉRMINO DE MATERIA
Término de materia o nombre geográfico como elemento de entrada Etnología
Subdivisión cronológica Siglo XIX
Subdivisión geográfica México
9 (RLIN) 11051
651 #4 - PUNTO DE ACCESO ADICIONAL DE MATERIA--NOMBRE GEOGRÁFICO
Nombre geográfico México
Subdivisión general Descripción y viajes
Subdivisión cronológica Siglo XIX
9 (RLIN) 11052
651 #4 - PUNTO DE ACCESO ADICIONAL DE MATERIA--NOMBRE GEOGRÁFICO
Nombre geográfico México
Subdivisión general Vida social y costumbres
Subdivisión cronológica Siglo XIX
9 (RLIN) 28270
700 1# - PUNTO DE ACCESO ADICIONAL--NOMBRE DE PERSONA
Nombre de persona Rugendas, Johann Moritz
Fechas asociadas al nombre 1802-1858
9 (RLIN) 795
700 1# - PUNTO DE ACCESO ADICIONAL--NOMBRE DE PERSONA
Nombre de persona Martínez del Río de Redo, Marita
9 (RLIN) 2571
700 1# - PUNTO DE ACCESO ADICIONAL--NOMBRE DE PERSONA
Nombre de persona O´Gorman, Edmundo
9 (RLIN) 11054
902 ## - CATALOGADOR
Iniciales GRL
942 ## - ELEMENTOS DE PUNTO DE ACCESO ADICIONAL (KOHA)
Fuente del sistema de clasificación o colocación Library of Congress Classification
Tipo de ítem Koha Libros
Holdings
Estado de retiro Estado de pérdida Estado dañado No para préstamo Localización permanente Ubicación/localización actual Fecha de adquisición Número de inventario Total de préstamos Signatura topográfica completa Código de barras Fecha visto por última vez Precio válido a partir de Tipo de ítem Koha
El ejemplar forma parte de la colección y puede ser consultado según las políticas vigentes.       Biblioteca Centro de Estudios Ruth D. Lechuga Biblioteca Centro de Estudios Ruth D. Lechuga 19/08/2015 Au2182   F1213 .S27 1975 (Au2182) GRL02144 22/03/2019 22/03/2019 Libros